000 01477nam a2200301 a 4500
999 _c101750
_d101750
003 BLK
005 20250318140433.0
008 180409b bul|||||r ||||||| ||bul||
040 _aBLK
041 _aBUL
_cBUL
080 _aИспанска литература
_b821.134.2
_x-31
_z821.134.2-31
100 1 _aСервантес Сааведра, Мигел де
_eпърви автор
_9369480
139 _aСервантес Сааведра, Мигел де
245 1 0 _aЗнаменитият идалго Дон Кихот де ла Манча
_bРоман : Ч. 1 - 2
_cМигел де Сервантес Сааведра; прев. от исп. Тодор Петров, Стоян Бакърджиев; Мигел де Сервантес.
_nЧ. 1
250 _a2. изд.
257 _aSPA
260 _aСофия
_bНар. култура
_c1980 -
300 _c21 см
380 _aX
700 1 _aНейков, Тодор Петров
_eпрев. от исп.
_9365097
700 1 _aБакърджиев, Стоян
_eпрев. от исп.
_9363601
700 1 _aСервантес, Мигел де
_9366826
760 1 _aСервантес Сааведра, Мигел де
_b2. изд.
_dСофия, 1980
_h519 с.
_oЧ. 1
_tЗнаменитият идалго Дон Кихот де ла Манча
852 _aЦб 104451
_bЦб
942 _cKNG
_n0
_013
_s1
944 _aCR
_c30.06.2003
_k30530
_lМинев Младен
944 _aED
_c2022-12-05